Verejné obstarávanie sa zjednoduší

Vznik verejného obstarávania má garantovať vysokú odbornú úroveň procesov. Zefektívnenie a zjednodušenie postupov verejného obstarávania je cieľom veľkej novely, ktorú pripravil Úrad pre verejné obstarávanie.

Salvato in:
Dettagli Bibliografici
Autore principale: Lelkeš, Martin
Natura: Capitolo di libro
Lingua:slovacco
Soggetti:
Tags: Aggiungi Tag
Nessun Tag, puoi essere il primo ad aggiungerne!!

MARC

LEADER 00000naa a2200000 4500
001 0249445
005 20221104112354.0
041 0 |a slo 
044 |a SK 
245 1 0 |a Verejné obstarávanie sa zjednoduší  |c Martin Lelkeš 
520 |a Vznik verejného obstarávania má garantovať vysokú odbornú úroveň procesov. Zefektívnenie a zjednodušenie postupov verejného obstarávania je cieľom veľkej novely, ktorú pripravil Úrad pre verejné obstarávanie. 
610 2 0 |a obstarávanie verejné 
610 2 0 |a efektívnosť ekonomická 
610 2 0 |a ankety 
610 2 0 |a transparentnosť 
610 2 0 |a elektronizácia 
610 2 0 |a samospráva miestna 
610 2 0 |a samospráva regionálna 
610 2 0 |a obstarávanie elektronické 
610 2 0 |a novelizácia 
610 2 0 |a zákony 
100 1 |a Lelkeš, Martin